000 00383nam a2200133Ia 4500
008 210430s9999 xx 000 0 und d
082 _a669.9 H641 P
100 _aRobert E.Reed-Hill, Reza Abbaschian
_9127760
245 _aPhysical Metallurgy Principles /
_cRobert E.Reed-Hill
250 _a3rd edition
260 _aHong kong
_bCengage
_c1994
300 _a926p
942 _cBK
_2ddc
999 _c565671
_d565671